[Event "WCO 2016"]
[Site "?"]
[Date "2016.09.11"]
[Round "9"]
[Board "3"]
[WhiteID "5503400"]
[White "Ben Said Safa"]
[BlackID "422894"]
[Black "Kalaiyalahan Akshaya"]
[Result "0-1"]
[BlackElo "2017"]
[WhiteElo "1563"]
[LiveChessVersion "1.4.8"]

1. e4 {[%clk 1:30:55]} c5 {[%clk 1:30:55]} 2. Nf3 {[%clk 1:31:11]} e6
{[%clk 1:31:18]} 3. d3 {[%clk 1:31:21]} Nc6 {[%clk 1:31:37]} 4. Nbd2
{[%clk 1:31:30]} d6 {[%clk 1:30:15]} 5. g3 {[%clk 1:30:51]} Nf6 {[%clk 1:30:31]}
6. Bg2 {[%clk 1:30:51]} Be7 {[%clk 1:30:42]} 7. O-O {[%clk 1:30:26]} O-O
{[%clk 1:31:03]} 8. Re1 {[%clk 1:30:22]} Bd7 {[%clk 1:30:41]} 9. Nf1
{[%clk 1:25:23]} Qc7 {[%clk 1:27:36]} 10. Bf4 {[%clk 1:18:41]} Ne5
{[%clk 1:24:22]} 11. Bxe5 {[%clk 1:05:48]} dxe5 {[%clk 1:24:44]} 12. Ne3
{[%clk 1:05:36]} Bc6 {[%clk 1:16:31]} 13. Nc4 {[%clk 1:00:06]} Nd7
{[%clk 1:13:54]} 14. Qd2 {[%clk 0:56:40]} b6 {[%clk 1:08:40]} 15. Qc3
{[%clk 0:52:01]} b5 {[%clk 1:06:10]} 16. Ne3 {[%clk 0:50:22]} Bd6
{[%clk 0:55:15]} 17. Qd2 {[%clk 0:48:59]} Rae8 {[%clk 0:53:36]} 18. a4
{[%clk 0:39:17]} a6 {[%clk 0:51:29]} 19. axb5 {[%clk 0:38:35]} axb5
{[%clk 0:51:56]} 20. Qa5 {[%clk 0:38:52]} Qb8 {[%clk 0:44:12]} 21. Qa6
{[%clk 0:30:18]} Qc7 {[%clk 0:43:10]} 22. Qa5 {[%clk 0:29:43]} Nb6
{[%clk 0:42:38]} 23. Ng4 {[%clk 0:26:55]} f6 {[%clk 0:40:49]} 24. Qd2
{[%clk 0:23:35]} f5 {[%clk 0:36:36]} 25. Ne3 {[%clk 0:16:53]} Qb7
{[%clk 0:32:18]} 26. Qe2 {[%clk 0:13:47]} Re7 {[%clk 0:24:51]} 27. Bh3
{[%clk 0:12:31]} g6 {[%clk 0:22:37]} 28. Nd1 {[%clk 0:07:29]} h6 {[%clk 0:20:48]}
29. Nh4 {[%clk 0:06:22]} Rg7 {[%clk 0:20:13]} 30. Bg2 {[%clk 0:05:59]} g5
{[%clk 0:19:41]} 31. Nf3 {[%clk 0:06:09]} g4 {[%clk 0:18:43]} 32. Nd2
{[%clk 0:05:57]} f4 {[%clk 0:18:07]} 33. Bf1 {[%clk 0:06:00]} h5 {[%clk 0:14:05]}
34. h4 {[%clk 0:04:31]} gxh3 {[%clk 0:12:35]} 35. Bxh3 {[%clk 0:04:02]} Rf6
{[%clk 0:10:54]} 36. Nf1 {[%clk 0:02:44]} Be8 {[%clk 0:08:01]} 37. Kh2
{[%clk 0:01:38]} Qf7 {[%clk 0:06:43]} 38. f3 {[%clk 0:00:43]} fxg3+
{[%clk 0:06:40]} 39. Kg2 {[%clk 0:00:47]} Qf8 {[%clk 0:04:06]} 40. Nd2
{[%clk 0:30:57]} h4 {[%clk 0:33:42]} 41. Ne3 {[%clk 0:30:38]} Bh5
{[%clk 0:33:29]} 42. Rf1 {[%clk 0:28:47]} Na4 {[%clk 0:26:48]} 43. c4
{[%clk 0:27:26]} Qe8 {[%clk 0:25:54]} 44. Qd1 {[%clk 0:25:55]} Nxb2
{[%clk 0:23:22]} 45. Qc2 {[%clk 0:26:06]} Na4 {[%clk 0:23:24]} 46. cxb5
{[%clk 0:26:25]} Nb6 {[%clk 0:23:34]} 47. Ra6 {[%clk 0:25:45]} Qxb5
{[%clk 0:23:10]} 48. Qa2 {[%clk 0:25:26]} Bc7 {[%clk 0:18:18]} 49. Bxe6+
{[%clk 0:23:48]} Rxe6 {[%clk 0:17:25]} 50. Qxe6+ {[%clk 0:22:35]} Bf7
{[%clk 0:17:43]} 51. Rxb6 {[%clk 0:22:20]} Bxb6 {[%clk 0:16:55]} 52. Qc8+
{[%clk 0:21:34]} Kh7 {[%clk 0:16:32]} 53. Nec4 {[%clk 0:21:27]} Ba5
{[%clk 0:14:15]} 54. Rb1 {[%clk 0:18:47]} Bb4 {[%clk 0:12:29]} 55. Qf5+
{[%clk 0:17:47]} Bg6 {[%clk 0:12:46]} 56. Qxe5 {[%clk 0:18:02]} Qd7
{[%clk 0:12:29]} 57. Rh1 {[%clk 0:17:28]} Qd8 {[%clk 0:09:39]} 58. Qf4
{[%clk 0:16:51]} Kg8 {[%clk 0:08:23]} 59. Qxh4 {[%clk 0:14:24]} Qd4
{[%clk 0:08:14]} 60. Rf1 {[%clk 0:11:58]} Bxd2 {[%clk 0:08:11]} 61. Nxd2
{[%clk 0:11:52]} Qxd3 {[%clk 0:08:22]} 62. Qf4 {[%clk 0:11:25]} Qe2+
{[%clk 0:08:31]} 63. Kxg3 {[%clk 0:10:44]} Be8+ {[%clk 0:05:37]} 64. Kh4
{[%clk 0:09:34]} Rh7+ {[%clk 0:06:00]} 65. Kg4 {[%clk 0:08:16]} Qg2+
{[%clk 0:06:20]} 66. Qg3 {[%clk 0:08:02]} Rg7+ {[%clk 0:06:45]} 0-1

[Event "WCO 2016"]
[Site "?"]
[Date "2016.09.11"]
[Round "9"]
[Board "4"]
[WhiteID "407496"]
[White "Bhatia Kanwal K"]
[BlackID "5503779"]
[Black "Miladi Amen"]
[Result "1-0"]
[BlackElo "1491"]
[WhiteElo "2133"]
[LiveChessVersion "1.4.8"]

1. e4 {[%clk 1:30:57]} c5 {[%clk 1:30:49]} 2. c3 {[%clk 1:31:17]} Nf6
{[%clk 1:30:42]} 3. e5 {[%clk 1:31:38]} Nd5 {[%clk 1:31:00]} 4. d4
{[%clk 1:32:00]} cxd4 {[%clk 1:30:53]} 5. Nf3 {[%clk 1:32:23]} Nc6
{[%clk 1:29:58]} 6. cxd4 {[%clk 1:31:45]} d6 {[%clk 1:27:48]} 7. Bc4
{[%clk 1:30:15]} e6 {[%clk 1:26:19]} 8. O-O {[%clk 1:28:36]} Nb6 {[%clk 1:23:30]}
9. Bb3 {[%clk 1:16:54]} Be7 {[%clk 1:22:07]} 10. Qe2 {[%clk 1:16:16]} O-O
{[%clk 1:18:00]} 11. Nc3 {[%clk 1:16:07]} a6 {[%clk 1:15:00]} 12. a3
{[%clk 1:15:50]} dxe5 {[%clk 1:13:20]} 13. dxe5 {[%clk 1:16:12]} Qc7
{[%clk 1:12:45]} 14. Bc2 {[%clk 1:14:33]} Nd7 {[%clk 1:05:53]} 15. Re1
{[%clk 1:09:21]} Kh8 {[%clk 0:54:56]} 16. Qe4 {[%clk 1:04:31]} f5
{[%clk 0:53:51]} 17. exf6 {[%clk 1:04:33]} Nxf6 {[%clk 0:54:15]} 18. Qh4
{[%clk 1:04:14]} h6 {[%clk 0:49:16]} 19. Bxh6 {[%clk 0:39:09]} gxh6
{[%clk 0:48:03]} 20. Qxh6+ {[%clk 0:39:35]} Kg8 {[%clk 0:48:25]} 21. Qg5+
{[%clk 0:38:29]} Kh8 {[%clk 0:47:44]} 22. Nh4 {[%clk 0:37:53]} Nh7
{[%clk 0:41:07]} 23. Ng6+ {[%clk 0:34:52]} Kg7 {[%clk 0:41:29]} 24. Qh5
{[%clk 0:26:36]} Nf6 {[%clk 0:39:49]} 25. Qh4 {[%clk 0:26:28]} Rd8
{[%clk 0:36:35]} 26. Re3 {[%clk 0:22:02]} e5 {[%clk 0:19:14]} 27. Rg3
{[%clk 0:19:32]} Kf7 {[%clk 0:13:17]} 28. Nh8+ {[%clk 0:15:23]} Ke8
{[%clk 0:11:36]} 29. Bg6+ {[%clk 0:13:10]} Kd7 {[%clk 0:10:48]} 30. Bf5+
{[%clk 0:10:28]} Kd6 {[%clk 0:07:13]} 31. Nf7+ {[%clk 0:09:20]} Kc5
{[%clk 0:07:26]} 32. Na4+ {[%clk 0:07:27]} Kb5 {[%clk 0:06:57]} 33. Rb3+
{[%clk 0:05:16]} Ka5 {[%clk 0:06:59]} 34. Nb6 {[%clk 0:02:24]} Rd4
{[%clk 0:06:43]} 35. Qh3 {[%clk 0:02:18]} Bxf5 {[%clk 0:06:29]} 36. Nxa8
{[%clk 0:01:26]} Qd7 {[%clk 0:06:35]} 37. Qc3+ {[%clk 0:01:49]} Nb4
{[%clk 0:05:10]} 38. axb4+ 1-0

[Event "WCO 2016"]
[Site "?"]
[Date "2016.09.11"]
[Round "9"]
[Board "1"]
[WhiteID "7001070"]
[White "Ishizuka Mirai"]
[BlackID "9301500"]
[Black "Nouman Amna"]
[Result "1-0"]
[BlackElo "1983"]
[WhiteElo "1778"]
[LiveChessVersion "1.4.8"]

1. e4 {[%clk 1:30:58]} e5 {[%clk 1:30:59]} 2. Nf3 {[%clk 1:31:24]} Nc6
{[%clk 1:31:24]} 3. Nc3 {[%clk 1:31:51]} Nf6 {[%clk 1:31:28]} 4. d4
{[%clk 1:32:08]} Bb4 {[%clk 1:30:57]} 5. Nxe5 {[%clk 1:32:23]} Nxe4
{[%clk 1:24:55]} 6. Qg4 {[%clk 1:32:40]} Nxc3 {[%clk 1:23:53]} 7. Qxg7
{[%clk 1:24:46]} Rf8 {[%clk 1:21:49]} 8. a3 {[%clk 1:23:24]} Nxd4
{[%clk 1:18:09]} 9. axb4 {[%clk 1:11:02]} Nxc2+ {[%clk 1:16:50]} 10. Kd2
{[%clk 1:11:26]} Nxa1 {[%clk 1:17:12]} 11. Kxc3 {[%clk 1:11:34]} Qe7
{[%clk 1:10:26]} 12. Bc4 {[%clk 0:58:55]} d5 {[%clk 0:25:16]} 13. Bxd5
{[%clk 0:40:06]} a5 {[%clk 0:23:30]} 14. Nd3 {[%clk 0:33:48]} axb4+
{[%clk 0:20:31]} 15. Kd2 {[%clk 0:30:42]} c6 {[%clk 0:14:38]} 16. Re1
{[%clk 0:25:55]} Be6 {[%clk 0:14:50]} 17. Bc4 {[%clk 0:20:47]} b5
{[%clk 0:13:43]} 18. Bxe6 {[%clk 0:20:08]} fxe6 {[%clk 0:14:05]} 19. Qg4
{[%clk 0:18:10]} O-O-O {[%clk 0:04:24]} 20. Rxe6 {[%clk 0:14:10]} Qd7
{[%clk 0:04:42]} 21. Rxc6+ {[%clk 0:11:10]} Kb7 {[%clk 0:05:03]} 22. Qxd7+
{[%clk 0:09:12]} Rxd7 {[%clk 0:07:20]} 23. Re6 {[%clk 0:08:48]} Rfd8
{[%clk 0:02:36]} 24. Re3 {[%clk 0:08:33]} Rc8 {[%clk 0:01:48]} 25. Kd1
{[%clk 0:07:21]} Nb3 {[%clk 0:00:48]} 26. Bd2 {[%clk 0:07:38]} Nxd2
{[%clk 0:00:49]} 27. Kxd2 {[%clk 0:08:05]} b3 {[%clk 0:01:09]} 28. Re5
{[%clk 0:04:30]} Kb6 {[%clk 0:00:48]} 29. Re6+ {[%clk 0:02:19]} Rc6
{[%clk 0:00:51]} 30. Rxc6+ {[%clk 0:00:58]} Kxc6 {[%clk 0:01:14]} 31. Kc3
{[%clk 0:01:22]} Kb6 {[%clk 0:01:01]} 32. f4 {[%clk 0:00:36]} Ka5
{[%clk 0:01:16]} 33. g4 {[%clk 0:00:39]} Rg7 {[%clk 0:00:39]} 34. g5
{[%clk 0:00:45]} Rf7 {[%clk 0:00:35]} 35. h4 {[%clk 0:01:01]} Rf5
{[%clk 0:00:56]} 36. h5 {[%clk 0:01:01]} Ka4 {[%clk 0:01:16]} 37. g6
{[%clk 0:00:44]} hxg6 {[%clk 0:01:23]} 38. hxg6 {[%clk 0:01:13]} Rf8
{[%clk 0:01:27]} 39. Kd4 {[%clk 0:31:22]} b4 {[%clk 0:31:30]} 40. Ke5
{[%clk 0:28:45]} Kb5 {[%clk 0:30:27]} 41. g7 {[%clk 0:27:26]} Ra8
{[%clk 0:18:06]} 42. f5 {[%clk 0:24:05]} Kc4 {[%clk 0:17:39]} 43. f6
{[%clk 0:19:04]} Kxd3 {[%clk 0:16:59]} 44. f7 {[%clk 0:19:32]} Kc2
{[%clk 0:17:12]} 45. g8=Q {[%clk 0:16:27]} Rxg8 {[%clk 0:17:00]} 46. fxg8=Q
{[%clk 0:16:53]} Kxb2 {[%clk 0:17:08]} 47. Kd4 {[%clk 0:15:03]} Kc2
{[%clk 0:10:55]} 48. Qc4+ {[%clk 0:14:16]} Kb2 {[%clk 0:10:58]} 49. Qxb4
{[%clk 0:14:00]} Ka1 {[%clk 0:10:08]} 50. Qa3+ {[%clk 0:13:53]} Kb1
{[%clk 0:10:12]} 51. Kc3 {[%clk 0:13:36]} 1-0

[Event "WCO 2016"]
[Site "?"]
[Date "2016.09.11"]
[Round "9"]
[Board "2"]
[WhiteID "9303286"]
[White "Jehad Aysha"]
[BlackID "2137984"]
[Black "Hoshino Karen"]
[Result "0-1"]
[BlackElo "1802"]
[WhiteElo "1668"]
[LiveChessVersion "1.4.8"]

1. e4 {[%clk 1:30:56]} d5 {[%clk 1:30:53]} 2. exd5 {[%clk 1:31:16]} Qxd5
{[%clk 1:31:17]} 3. d4 {[%clk 1:30:14]} Nf6 {[%clk 1:31:32]} 4. Nc3
{[%clk 1:27:50]} Qa5 {[%clk 1:31:54]} 5. Nf3 {[%clk 1:24:26]} c6 {[%clk 1:32:11]}
6. Bd2 {[%clk 1:21:36]} Bf5 {[%clk 1:31:40]} 7. Bc4 {[%clk 1:09:33]} e6
{[%clk 1:31:47]} 8. Qe2 {[%clk 0:56:17]} Bb4 {[%clk 1:27:11]} 9. O-O
{[%clk 0:49:17]} O-O {[%clk 1:21:34]} 10. a3 {[%clk 0:41:03]} Bxc3
{[%clk 1:19:58]} 11. Bxc3 {[%clk 0:41:13]} Qc7 {[%clk 1:19:54]} 12. Bd3
{[%clk 0:34:07]} Bg4 {[%clk 1:11:59]} 13. Qe5 {[%clk 0:23:53]} Qc8
{[%clk 1:03:47]} 14. Qg3 {[%clk 0:14:01]} Nbd7 {[%clk 0:58:13]} 15. Ne5
{[%clk 0:11:07]} Bf5 {[%clk 0:46:16]} 16. Nxd7 {[%clk 0:08:24]} Qxd7
{[%clk 0:44:48]} 17. Bxf5 {[%clk 0:08:28]} exf5 {[%clk 0:45:16]} 18. d5
{[%clk 0:06:12]} f4 {[%clk 0:34:15]} 19. dxc6 {[%clk 0:01:05]} fxg3
{[%clk 0:33:51]} 20. cxd7 {[%clk 0:01:26]} gxh2+ {[%clk 0:34:08]} 21. Kxh2
{[%clk 0:01:44]} Nxd7 {[%clk 0:34:32]} 22. Rad1 {[%clk 0:01:38]} Rfd8
{[%clk 0:32:13]} 23. Rfe1 {[%clk 0:00:58]} Nc5 {[%clk 0:27:29]} 24. Rd4
{[%clk 0:00:39]} Ne6 {[%clk 0:26:59]} 25. Rde4 {[%clk 0:00:35]} h6
{[%clk 0:25:38]} 26. R4e2 {[%clk 0:00:37]} Rd5 {[%clk 0:25:20]} 27. Re5
{[%clk 0:00:40]} Rad8 {[%clk 0:25:07]} 28. Rxd5 {[%clk 0:00:37]} Rxd5
{[%clk 0:25:35]} 29. Re5 {[%clk 0:00:37]} Rd7 {[%clk 0:23:08]} 30. Kg3
{[%clk 0:00:36]} Kh7 {[%clk 0:21:01]} 31. Kf3 {[%clk 0:00:35]} g5
{[%clk 0:21:02]} 32. Re3 {[%clk 0:00:33]} Kg6 {[%clk 0:20:35]} 33. g4
{[%clk 0:00:37]} Nf4 {[%clk 0:18:01]} 34. Be5 {[%clk 0:00:38]} Ne6
{[%clk 0:15:43]} 35. Rd3 {[%clk 0:00:37]} Nc5 {[%clk 0:13:01]} 36. Rd6+
{[%clk 0:00:36]} Rxd6 {[%clk 0:12:40]} 37. Bxd6 {[%clk 0:01:04]} Nd7
{[%clk 0:12:31]} 38. Ke3 {[%clk 0:00:35]} f5 {[%clk 0:11:12]} 39. gxf5+
{[%clk 0:00:34]} Kxf5 {[%clk 0:11:40]} 40. Kf3 {[%clk 0:30:33]} h5
{[%clk 0:38:24]} 41. Ke3 {[%clk 0:12:11]} h4 {[%clk 0:34:43]} 42. Kf3
{[%clk 0:03:05]} g4+ {[%clk 0:28:14]} 43. Kg2 {[%clk 0:02:39]} Ke4
{[%clk 0:24:33]} 44. Be7 {[%clk 0:01:49]} h3+ {[%clk 0:23:44]} 45. Kg3
{[%clk 0:01:06]} Ne5 {[%clk 0:23:36]} 46. Bd6 {[%clk 0:00:38]} Nf3
{[%clk 0:22:52]} 47. b4 {[%clk 0:00:35]} b5 {[%clk 0:20:50]} 48. Bc7
{[%clk 0:00:35]} h2 {[%clk 0:15:57]} 49. Kg2 {[%clk 0:00:50]} Ne1+
{[%clk 0:16:19]} 50. Kxh2 {[%clk 0:01:00]} Nxc2 {[%clk 0:16:19]} 51. Kg3
{[%clk 0:00:45]} Kf5 {[%clk 0:16:41]} 52. f3 {[%clk 0:00:40]} gxf3
{[%clk 0:16:56]} 53. Kxf3 {[%clk 0:01:09]} Nxa3 {[%clk 0:16:30]} 54. Bd6
{[%clk 0:01:07]} Nc4 {[%clk 0:14:56]} 55. Bc5 {[%clk 0:01:08]} a6
{[%clk 0:15:07]} 56. Ke2 {[%clk 0:00:33]} Ke4 {[%clk 0:15:16]} 57. Kd1
{[%clk 0:00:36]} Kd3 {[%clk 0:15:05]} 58. Kc1 {[%clk 0:00:36]} Kc3
{[%clk 0:14:55]} 59. Kb1 {[%clk 0:00:34]} Kb3 {[%clk 0:14:37]} 60. Kc1
{[%clk 0:00:38]} Na3 {[%clk 0:14:37]} 61. Kd2 {[%clk 0:00:33]} Nc2
{[%clk 0:14:48]} 62. Kc1 {[%clk 0:00:34]} Nxb4 {[%clk 0:14:59]} 63. Bxb4
{[%clk 0:00:35]} Kxb4 {[%clk 0:15:15]} 64. Kb2 {[%clk 0:01:00]} a5
{[%clk 0:15:38]} 65. Ka2 {[%clk 0:00:44]} Kc3 {[%clk 0:15:59]} 66. Ka3
{[%clk 0:00:36]} b4+ {[%clk 0:15:59]} 67. Ka2 {[%clk 0:01:01]} Kc2
{[%clk 0:16:09]} 68. Ka1 {[%clk 0:01:26]} a4 {[%clk 0:16:30]} 69. Ka2
{[%clk 0:01:51]} b3+ {[%clk 0:16:56]} 70. Ka1 {[%clk 0:02:15]} b2+
{[%clk 0:17:21]} 0-1

[Event "WCO 2016"]
[Site "?"]
[Date "2016.09.11"]
[Round "9"]
[Board "3"]
[WhiteID "7001134"]
[White "Shibata Misaki"]
[BlackID "9304843"]
[Black "Bashaer Khalil"]
[Result "0-1"]
[BlackElo "1584"]
[WhiteElo "1638"]
[LiveChessVersion "1.4.8"]

1. d4 {[%clk 1:30:55]} Nf6 {[%clk 1:30:55]} 2. c4 {[%clk 1:31:20]} d5
{[%clk 1:30:45]} 3. Nc3 {[%clk 1:31:33]} e6 {[%clk 1:31:04]} 4. cxd5
{[%clk 1:31:57]} exd5 {[%clk 1:31:13]} 5. Bg5 {[%clk 1:32:15]} Nbd7
{[%clk 1:30:44]} 6. e3 {[%clk 1:32:25]} c6 {[%clk 1:31:09]} 7. Bd3
{[%clk 1:30:48]} Be7 {[%clk 1:31:21]} 8. Qc2 {[%clk 1:30:49]} O-O
{[%clk 1:25:00]} 9. Nf3 {[%clk 1:31:02]} Re8 {[%clk 1:25:24]} 10. O-O
{[%clk 1:31:18]} Nf8 {[%clk 1:25:51]} 11. Rab1 {[%clk 1:26:57]} a5
{[%clk 1:18:33]} 12. Ne5 {[%clk 1:18:48]} Ng4 {[%clk 1:11:38]} 13. Bxe7
{[%clk 1:16:43]} Qxe7 {[%clk 1:11:46]} 14. Nf3 {[%clk 1:10:13]} Nf6
{[%clk 1:09:11]} 15. h3 {[%clk 1:09:58]} Ne4 {[%clk 1:09:13]} 16. a3
{[%clk 1:08:43]} Bf5 {[%clk 1:06:15]} 17. Nd2 {[%clk 0:55:29]} Nxd2
{[%clk 0:45:41]} 18. Qxd2 {[%clk 0:55:29]} Bxd3 {[%clk 0:46:05]} 19. Qxd3
{[%clk 0:55:53]} Qg5 {[%clk 0:37:29]} 20. b4 {[%clk 0:53:28]} axb4
{[%clk 0:33:34]} 21. axb4 {[%clk 0:53:12]} Re6 {[%clk 0:31:39]} 22. Rfc1
{[%clk 0:42:52]} Rg6 {[%clk 0:16:18]} 23. Qf1 {[%clk 0:35:10]} f5
{[%clk 0:05:22]} 24. Ne2 {[%clk 0:31:33]} Ne6 {[%clk 0:03:08]} 25. Rc2
{[%clk 0:24:51]} f4 {[%clk 0:02:41]} 26. exf4 {[%clk 0:22:04]} Nxf4
{[%clk 0:03:03]} 27. Nxf4 {[%clk 0:21:18]} Qxf4 {[%clk 0:03:32]} 28. Qd3
{[%clk 0:19:58]} Qg5 {[%clk 0:02:37]} 29. Qf1 {[%clk 0:17:52]} Ra3
{[%clk 0:02:17]} 30. Kh1 {[%clk 0:16:15]} Qf4 {[%clk 0:02:08]} 31. Qd1
{[%clk 0:14:18]} Rxh3+ {[%clk 0:01:40]} 32. Kg1 {[%clk 0:13:02]} Qh2+
{[%clk 0:01:51]} 33. Kf1 {[%clk 0:13:25]} Qxg2+ {[%clk 0:02:01]} 34. Ke2
{[%clk 0:13:18]} Re6+ {[%clk 0:01:09]} 35. Kd2 {[%clk 0:13:42]} Qg5+
{[%clk 0:01:12]} 0-1

[Event "WCO 2016"]
[Site "?"]
[Date "2016.09.11"]
[Round "9"]
[Board "4"]
[WhiteID "9304541"]
[White "Wadima Humaid S H AlKalbani "]
[BlackID "7002181"]
[Black "Fukuya Natsumi"]
[Result "1/2-1/2"]
[BlackElo "1636"]
[WhiteElo "1606"]
[LiveChessVersion "1.4.8"]

1. e4 {[%clk 1:30:58]} e5 {[%clk 1:30:55]} 2. Nf3 {[%clk 1:31:24]} Nc6
{[%clk 1:31:20]} 3. Bb5 {[%clk 1:31:49]} a6 {[%clk 1:31:43]} 4. Ba4
{[%clk 1:32:16]} Nf6 {[%clk 1:32:05]} 5. d4 {[%clk 1:32:42]} exd4
{[%clk 1:31:12]} 6. e5 {[%clk 1:33:06]} Ne4 {[%clk 1:30:09]} 7. O-O
{[%clk 1:33:24]} Nc5 {[%clk 1:22:23]} 8. Bxc6 {[%clk 1:31:24]} dxc6
{[%clk 1:20:05]} 9. Nxd4 {[%clk 1:31:26]} Be7 {[%clk 1:19:49]} 10. Nc3
{[%clk 1:31:48]} O-O {[%clk 1:18:58]} 11. Be3 {[%clk 1:28:57]} Re8
{[%clk 1:06:50]} 12. f4 {[%clk 1:23:49]} Ne6 {[%clk 1:01:27]} 13. Nf5
{[%clk 0:56:22]} Bf8 {[%clk 0:56:20]} 14. Qg4 {[%clk 0:49:18]} g6
{[%clk 0:49:16]} 15. Rad1 {[%clk 0:49:29]} Nd4 {[%clk 0:41:41]} 16. Rxd4
{[%clk 0:40:20]} Bxf5 {[%clk 0:40:55]} 17. Qf3 {[%clk 0:40:42]} Qe7
{[%clk 0:39:37]} 18. g4 {[%clk 0:40:39]} Bd7 {[%clk 0:29:33]} 19. f5
{[%clk 0:17:42]} Qxe5 {[%clk 0:17:08]} 20. Re4 {[%clk 0:17:54]} Qf6
{[%clk 0:12:46]} 21. Bd4 {[%clk 0:18:22]} Qd6 {[%clk 0:12:16]} 22. fxg6
{[%clk 0:17:47]} Qxg6 {[%clk 0:09:37]} 23. Rf4 {[%clk 0:15:01]} Be6
{[%clk 0:06:20]} 24. Ne4 {[%clk 0:10:58]} Bg7 {[%clk 0:06:18]} 25. Bxg7
{[%clk 0:09:01]} Kxg7 {[%clk 0:06:20]} 26. Qc3+ {[%clk 0:06:59]} Kf8
{[%clk 0:05:30]} 27. Qc5+ {[%clk 0:07:10]} Kg7 {[%clk 0:05:01]} 28. Qe5+
{[%clk 0:04:22]} Kf8 {[%clk 0:04:48]} 29. Ng5 {[%clk 0:01:09]} Kg8
{[%clk 0:01:26]} 30. Nxe6 {[%clk 0:00:37]} Qxe6 {[%clk 0:00:44]} 31. Qxe6
{[%clk 0:00:43]} Rxe6 {[%clk 0:00:40]} 32. Rxf7 {[%clk 0:01:12]} Re2
{[%clk 0:00:42]} 33. Rxc7 {[%clk 0:01:21]} Rxc2 {[%clk 0:00:43]} 34. Rxb7
{[%clk 0:01:49]} Rd8 {[%clk 0:00:50]} 35. Rf2 {[%clk 0:01:29]} Rdd2
{[%clk 0:00:44]} 36. Rxd2 {[%clk 0:01:57]} Rxd2 {[%clk 0:01:09]} 37. h3
{[%clk 0:01:08]} Rc2 {[%clk 0:01:19]} 38. a3 {[%clk 0:01:27]} a5 {[%clk 0:01:14]}
39. Ra7 {[%clk 0:00:39]} Rxb2 {[%clk 0:01:21]} 40. Rxa5 {[%clk 0:31:08]} Kf7
{[%clk 0:31:05]} 41. a4 {[%clk 0:31:17]} Ra2 {[%clk 0:25:26]} 42. Rc5
{[%clk 0:30:30]} Rxa4 {[%clk 0:25:28]} 43. Rxc6 {[%clk 0:30:52]} Ra2
{[%clk 0:23:21]} 44. Rd6 {[%clk 0:27:01]} Rb2 {[%clk 0:20:34]} 45. Kf1
{[%clk 0:23:40]} Kg7 {[%clk 0:16:56]} 46. Kg1 {[%clk 0:22:32]} Rc2
{[%clk 0:07:47]} 47. Re6 {[%clk 0:13:08]} Rb2 {[%clk 0:05:22]} 1/2-1/2

[Event "WCO 2016"]
[Site "?"]
[Date "2016.09.11"]
[Round "9"]
[Board "5"]
[WhiteID "2508214"]
[White "O`Gorman Alice"]
[BlackID "3301680"]
[Black "Ramirez Maria Eugenia"]
[Result "1-0"]
[BlackElo "2104"]
[WhiteElo "1781"]
[LiveChessVersion "1.4.8"]

1. e4 {[%clk 1:30:58]} e5 {[%clk 1:30:54]} 2. Nf3 {[%clk 1:31:22]} Nc6
{[%clk 1:31:17]} 3. Bc4 {[%clk 1:31:46]} Nf6 {[%clk 1:31:41]} 4. d3
{[%clk 1:32:10]} Be7 {[%clk 1:31:56]} 5. O-O {[%clk 1:32:17]} O-O
{[%clk 1:32:13]} 6. c3 {[%clk 1:31:42]} d5 {[%clk 1:31:39]} 7. exd5
{[%clk 1:31:20]} Nxd5 {[%clk 1:31:59]} 8. Re1 {[%clk 1:29:44]} Nb6
{[%clk 1:31:36]} 9. Bb3 {[%clk 1:27:50]} Bf6 {[%clk 1:31:12]} 10. Be3
{[%clk 1:22:21]} Bf5 {[%clk 1:29:16]} 11. d4 {[%clk 1:18:52]} e4 {[%clk 1:23:02]}
12. Nfd2 {[%clk 1:17:59]} Nd5 {[%clk 1:22:31]} 13. Nf1 {[%clk 1:10:16]} Re8
{[%clk 1:09:21]} 14. Nbd2 {[%clk 1:08:15]} Bg6 {[%clk 1:07:16]} 15. Ng3
{[%clk 1:07:03]} Bh4 {[%clk 1:07:11]} 16. Ndf1 {[%clk 1:04:56]} Na5
{[%clk 1:00:34]} 17. Bxd5 {[%clk 1:00:17]} Qxd5 {[%clk 1:00:55]} 18. Qg4
{[%clk 0:59:52]} Be7 {[%clk 0:59:26]} 19. Bf4 {[%clk 0:56:56]} f5
{[%clk 0:58:21]} 20. Qe2 {[%clk 0:55:52]} Rac8 {[%clk 0:49:38]} 21. Ne3
{[%clk 0:54:50]} Qd7 {[%clk 0:49:56]} 22. b4 {[%clk 0:52:14]} Nc6
{[%clk 0:50:16]} 23. Qb5 {[%clk 0:51:54]} Rf8 {[%clk 0:43:37]} 24. Qxb7
{[%clk 0:49:40]} Bd6 {[%clk 0:37:53]} 25. Bxd6 {[%clk 0:48:22]} Qxd6
{[%clk 0:38:18]} 26. Ngxf5 {[%clk 0:43:12]} Qf6 {[%clk 0:32:00]} 27. Qxc6
{[%clk 0:41:43]} Bxf5 {[%clk 0:31:42]} 28. Qxf6 {[%clk 0:41:28]} Rxf6
{[%clk 0:32:10]} 29. Nxf5 {[%clk 0:41:44]} Rxf5 {[%clk 0:32:37]} 30. Rxe4
{[%clk 0:41:49]} Rf6 {[%clk 0:32:04]} 31. c4 {[%clk 0:38:57]} Rb8
{[%clk 0:31:45]} 32. a3 {[%clk 0:38:26]} Ra6 {[%clk 0:31:08]} 33. Ree1
{[%clk 0:35:55]} Ra4 {[%clk 0:31:26]} 34. g3 {[%clk 0:34:49]} a5 {[%clk 0:31:42]}
35. bxa5 {[%clk 0:34:06]} Rxc4 {[%clk 0:31:11]} 36. Rac1 {[%clk 0:32:02]} Rxc1
{[%clk 0:28:40]} 37. Rxc1 {[%clk 0:32:24]} Rb7 {[%clk 0:29:09]} 38. Kg2
{[%clk 0:30:12]} Kf7 {[%clk 0:29:27]} 39. Kf3 {[%clk 0:30:11]} Ke7
{[%clk 0:28:57]} 40. Rc4 {[%clk 0:56:57]} Kd6 {[%clk 0:55:50]} 41. Rb4
{[%clk 0:53:57]} Ra7 {[%clk 0:56:13]} 42. Rb5 {[%clk 0:54:14]} c6
{[%clk 0:56:25]} 43. Rc5 {[%clk 0:53:50]} Rb7 {[%clk 0:55:04]} 44. Rg5
{[%clk 0:39:07]} h6 {[%clk 0:47:45]} 45. Rh5 {[%clk 0:34:30]} Rb3+
{[%clk 0:46:53]} 46. Ke4 {[%clk 0:34:35]} Rxa3 {[%clk 0:46:41]} 47. f4
{[%clk 0:31:58]} Ra1 {[%clk 0:41:50]} 48. h3 {[%clk 0:30:06]} Re1+
{[%clk 0:40:38]} 49. Kd3 {[%clk 0:27:52]} Rd1+ {[%clk 0:40:10]} 50. Kc3
{[%clk 0:25:52]} Rc1+ {[%clk 0:40:01]} 51. Kd2 {[%clk 0:22:02]} Rc4
{[%clk 0:36:06]} 52. Kd3 {[%clk 0:20:00]} Ra4 {[%clk 0:35:32]} 53. g4
{[%clk 0:19:56]} Ra3+ {[%clk 0:34:55]} 54. Ke4 {[%clk 0:19:01]} Ra1
{[%clk 0:29:38]} 55. h4 {[%clk 0:17:15]} Re1+ {[%clk 0:29:19]} 56. Kd3
{[%clk 0:16:40]} Rd1+ {[%clk 0:29:15]} 57. Ke3 {[%clk 0:16:42]} Ra1
{[%clk 0:28:31]} 58. Rf5 {[%clk 0:15:36]} Ke6 {[%clk 0:26:52]} 59. Re5+
{[%clk 0:15:21]} Kd6 {[%clk 0:27:14]} 60. g5 {[%clk 0:11:29]} hxg5
{[%clk 0:26:52]} 61. hxg5 {[%clk 0:10:14]} Re1+ {[%clk 0:23:38]} 62. Kd3
{[%clk 0:09:03]} Rd1+ {[%clk 0:23:54]} 63. Ke4 {[%clk 0:08:35]} Re1+
{[%clk 0:24:02]} 64. Kf5 {[%clk 0:08:40]} Rd1 {[%clk 0:24:25]} 65. Re8
{[%clk 0:08:05]} Rf1 {[%clk 0:20:17]} 66. Rg8 {[%clk 0:07:12]} Kd5
{[%clk 0:19:22]} 67. Rxg7 {[%clk 0:06:12]} Kxd4 {[%clk 0:19:47]} 68. Rd7+
{[%clk 0:06:30]} Ke3 {[%clk 0:18:39]} 69. Re7+ {[%clk 0:06:00]} Kf3
{[%clk 0:19:02]} 70. Rc7 {[%clk 0:05:54]} Ra1 {[%clk 0:19:21]} 71. Rxc6
{[%clk 0:04:10]} Rxa5+ {[%clk 0:19:43]} 72. Kf6 {[%clk 0:04:33]} Kg4
{[%clk 0:19:35]} 73. g6 {[%clk 0:03:44]} Rh5 {[%clk 0:18:26]} 74. Kf7
{[%clk 0:02:52]} Rf5+ {[%clk 0:17:30]} 75. Rf6 {[%clk 0:02:45]} Rb5
{[%clk 0:17:30]} 76. g7 {[%clk 0:02:32]} Rb7+ {[%clk 0:17:55]} 77. Kg8
{[%clk 0:02:41]} Kh5 {[%clk 0:18:08]} 78. Kh8 {[%clk 0:02:45]} 1-0